[Event "Titled Tuesday intern op 02nd Apr Early"]
[Site "Chess.com INT"]
[Date "2024.04.02"]
[Round "1"]
[White "Le, Anh Dung"]
[Black "Postlmayer, Jakob"]
[Result "1-0"]
[WhiteElo "2210"]
[BlackElo "2362"]
[PlyCount "89"]
[EventDate "2024.04.02"]
[EventType "swiss (blitz)"]
[EventRounds "11"]
[EventCountry "USA"]
[SourceTitle "CB15_2024"]
[SourceDate "2024.04.10"]
[SourceVersion "1"]
[SourceVersionDate "2024.04.10"]
[SourceQuality "1"]

1. Nf3 Nf6 2. e3 g6 3. b3 Bg7 4. Bb2 0-0 5. d4 c5 6. dxc5 Qa5+ 7. c3 Na6 8. b4 Qc7 9. Bxa6 bxa6 10. 0-0 a5 11. Nbd2 Bb7 12. Nd4 Nd5 13. a3 Ba6 14. c4 axb4 15. cxd5 Bxf1 16. Qxf1 Qxc5 17. Qc1 Qxd5 18. axb4 Rfc8 19. Qb1 Qb7 20. b5 a6 21. bxa6 Rxa6 22. Rxa6 Qxa6 23. g3 Qb7 24. Qa1 d6 25. Nf1 Ra8 26. Qc1 Ra2 27. Bc3 h5 28. h4 e5 29. Nc2 Qe4 30. Nb4 Ra8 31. Qd2 Rc8 32. Nd5 Kh7 33. Bb4 Rb8 34. Bxd6 Rd8 35. Nc3 Qc6 36. e4 Rxd6 37. Nd5 Qd7 38. Nfe3 Qe6 39. Qd3 Bh6 40. Kg2 Kg7 41. Qc4 Bxe3 42. Nxe3 Qxc4 43. Nxc4 Kf6 44. Nxd6 Ke6 45. Nc4 1-0

[Event "Titled Tuesday intern op 02nd Apr Early"]
[Site "Chess.com INT"]
[Date "2024.04.02"]
[Round "3"]
[White "Vovk, Orest"]
[Black "Le, Anh Dung"]
[Result "1-0"]
[WhiteElo "2315"]
[BlackElo "2210"]
[PlyCount "87"]
[EventDate "2024.04.02"]
[EventType "swiss (blitz)"]
[EventRounds "11"]
[EventCountry "USA"]
[SourceTitle "CB15_2024"]
[SourceDate "2024.04.10"]
[SourceVersion "1"]
[SourceVersionDate "2024.04.10"]
[SourceQuality "1"]

1. h4 e5 2. h5 d5 3. h6 Nxh6 4. d4 exd4 5. Bxh6 gxh6 6. Qxd4 Rg8 7. Nc3 Bg7 8. Qf4 c6 9. 0-0-0 Bxc3 10. bxc3 Qg5 11. Qxg5 hxg5 12. Rxh7 Be6 13. Nf3 Nd7 14. e3 0-0-0 15. Nd4 Rh8 16. Rg7 Rdg8 17. Rxg8+ Rxg8 18. c4 Ne5 19. Nxe6 fxe6 20. cxd5 exd5 21. Bd3 Rf8 22. f3 Kc7 23. Rh1 c5 24. Rh7+ Kb6 25. Kd2 c4 26. Be2 Rf7 27. Rh5 Rf5 28. f4 Nf7 29. g4 Rf6 30. f5 Kc5 31. c3 b5 32. Rh7 Nd6 33. Bf3 a5 34. Rc7+ Kb6 35. Rg7 Kc5 36. Rg6 Rxg6 37. fxg6 Ne8 38. e4 Nf6 39. exd5 b4 40. cxb4+ axb4 41. g7 Kd4 42. d6 Ke5 43. d7 c3+ 44. Kc2 1-0

[Event "CZE-ch Amateur"]
[Site "Hluk"]
[Date "2023.05.07"]
[Round "3"]
[White "Le, Anh Dung"]
[Black "Mudrak, Josef"]
[Result "0-1"]
[WhiteElo "2066"]
[BlackElo "2260"]
[PlyCount "112"]
[EventDate "2023.05.06"]
[EventType "swiss"]
[EventRounds "9"]
[EventCountry "CZE"]
[SourceTitle "CBM 214 Extra"]
[Source "ChessBase"]
[SourceDate "2023.07.31"]
[SourceVersion "1"]
[SourceVersionDate "2023.07.31"]
[SourceQuality "1"]

1. e4 d6 2. d4 Nd7 3. Nc3 c6 4. Nf3 g6 5. Bc4 h6 6. a4 Bg7 7. 0-0 Qc7 8. Re1 e5 9. h3 Ngf6 10. d5 0-0 11. Ba2 c5 12. Bc4 Nh5 13. Nb5 Qb8 14. a5 Nf4 15. Be3 a6 16. Nc3 b5 17. axb6 Qxb6 18. Ra3 Bb7 19. Bf1 Rae8 20. Nd2 Bc8 21. Nc4 Qc7 22. Na4 f5 23. Bd2 Nf6 24. Bxf4 exf4 25. e5 dxe5 26. d6 Qd8 27. Nxc5 e4 28. d7 Nxd7 29. Qd5+ Kh7 30. Ne6 Qf6 31. Nxf8+ Bxf8 32. Raa1 Nc5 33. Rad1 Bb7 34. Qd4 Qxd4 35. Rxd4 Bc6 36. Na5 Bb5 37. c4 Ba4 38. b4 Ne6 39. Rd5 Nc7 40. Rd4 Bxb4 41. Ra1 Bc3 42. Rxa4 Bxd4 43. Nb3 Ba7 44. Rb4 Rb8 45. Rxb8 Bxb8 46. c5 Ba7 47. Bc4 Kg7 48. Kf1 a5 49. Nxa5 Bxc5 50. Nb7 Bb6 51. Nd8 Kf6 52. Nc6 g5 53. Ke2 Ne6 54. Bd5 Bc5 55. Bc4 f3+ 56. gxf3 Nf4+ 0-1

[Event "CZE-ch Amateur"]
[Site "Hluk"]
[Date "2023.05.06"]
[Round "1"]
[White "Le, Anh Dung"]
[Black "Kolibik, Jan"]
[Result "1-0"]
[WhiteElo "2066"]
[BlackElo "1556"]
[PlyCount "37"]
[EventDate "2023.05.06"]
[EventType "swiss"]
[EventRounds "9"]
[EventCountry "CZE"]
[SourceTitle "CBM 214 Extra"]
[Source "ChessBase"]
[SourceDate "2023.07.31"]
[SourceVersion "1"]
[SourceVersionDate "2023.07.31"]
[SourceQuality "1"]

1. e4 c5 2. Nf3 Nc6 3. Bb5 a6 4. Bxc6 bxc6 5. 0-0 g6 6. d4 cxd4 7. Qxd4 Nf6 8. e5 Nd5 9. c4 Nc7 10. Nc3 Bg7 11. Qh4 Ne6 12. Bh6 0-0 13. Rad1 Re8 14. Ne4 Qc7 15. Rfe1 Bb7 16. Neg5 Nf8 17. Bxg7 Kxg7 18. Qf4 f6 19. exf6+ 1-0

[Event "Mid Bohemia Region-chT 2223"]
[Site "Czech Republic"]
[Date "2023.04.02"]
[Round "11.3"]
[White "Le, Anh Dung"]
[Black "Moravec, Vit"]
[Result "1/2-1/2"]
[WhiteElo "1978"]
[BlackElo "2181"]
[PlyCount "67"]
[EventDate "2022.10.09"]
[EventType "team-tourn"]
[EventRounds "11"]
[EventCountry "CZE"]
[SourceTitle "EXT 2024"]
[Source "ChessBase"]
[SourceDate "2023.10.10"]
[SourceVersion "1"]
[SourceVersionDate "2023.10.10"]
[SourceQuality "1"]
[WhiteTeam "Ricany III"]
[BlackTeam "Cesky Brod"]
[WhiteTeamCountry "CZE"]
[BlackTeamCountry "CZE"]

1. e4 c5 2. Nf3 Nc6 3. Bc4 e6 4. 0-0 Nf6 5. Re1 a6 6. d4 cxd4 7. Nxd4 Ne5 8. Bf1 Bc5 9. Nb3 Ba7 10. Be3 d6 11. Nc3 0-0 12. Bxa7 Rxa7 13. Qd4 Nc6 14. Qd2 b5 15. a4 b4 16. Na2 d5 17. Nxb4 Nxb4 18. Qxb4 Nxe4 19. Bd3 Nf6 20. Qd4 Ra8 21. a5 Nd7 22. Nc5 Nxc5 23. Qxc5 Qd7 24. b3 Bb7 25. Ra4 Rac8 26. Qe3 e5 27. Qd2 Rce8 28. Rb4 d4 29. Rb6 Bxg2 30. Kxg2 Qg4+ 31. Kh1 Qf3+ 32. Kg1 Qg4+ 33. Kh1 Qf3+ 34. Kg1 1/2-1/2

[Event "CZE-chT1W 2223"]
[Site "Czech Republic"]
[Date "2023.03.19"]
[Round "10.5"]
[White "Le, Anh Dung"]
[Black "Stocek, Martin"]
[Result "1-0"]
[WhiteElo "1999"]
[BlackElo "1945"]
[PlyCount "53"]
[EventDate "2022.10.09"]
[EventType "team-tourn"]
[EventRounds "11"]
[EventCountry "CZE"]
[SourceTitle "EXT 2024"]
[Source "ChessBase"]
[SourceDate "2023.10.10"]
[SourceVersion "1"]
[SourceVersionDate "2023.10.10"]
[SourceQuality "1"]
[WhiteTeam "Ricany Betsys"]
[BlackTeam "Polabiny III"]
[WhiteTeamCountry "CZE"]
[BlackTeamCountry "CZE"]

1. e4 c6 2. d4 d5 3. Nd2 dxe4 4. Nxe4 Bf5 5. Ng3 Bg6 6. h4 h6 7. Nf3 Nd7 8. h5 Bh7 9. Bd3 Bxd3 10. Qxd3 e6 11. Bd2 Ngf6 12. 0-0-0 Be7 13. Kb1 0-0 14. Ne4 Qb6 15. g4 Nxg4 16. Qe2 f5 17. Ng3 c5 18. d5 e5 19. d6 Bxd6 20. Nxf5 Nxf2 21. Nxh6+ gxh6 22. Qxf2 Rf6 23. Qg2+ Kf7 24. Nh4 Rg8 25. Qd5+ Re6 26. Nf5 Rh8 27. Bc3 1-0

[Event "Pobeskydy op 41st"]
[Site "Frydek Mistek"]
[Date "2022.04.14"]
[Round "2"]
[White "Turcan, Richard"]
[Black "Le, Anh Dung"]
[Result "1-0"]
[WhiteElo "2322"]
[BlackElo "2031"]
[PlyCount "61"]
[EventDate "2022.04.14"]
[EventType "swiss"]
[EventRounds "9"]
[EventCountry "CZE"]
[SourceTitle "CBM 207 Extra"]
[Source "ChessBase"]
[SourceDate "2022.05.31"]
[SourceVersion "1"]
[SourceVersionDate "2022.05.31"]
[SourceQuality "1"]

1. d4 d5 2. c4 e6 3. Nc3 Nf6 4. Nf3 Bb4 5. e3 0-0 6. Bd3 a6 7. cxd5 exd5 8. Qc2 Re8 9. 0-0 Nbd7 10. a3 Bd6 11. e4 dxe4 12. Nxe4 Nxe4 13. Bxe4 Nf8 14. Bg5 Be7 15. Rfe1 Ng6 16. h4 c6 17. Bxe7 Rxe7 18. h5 Nf8 19. h6 g6 20. Qc3 f5 21. Bc2 Be6 22. Bb3 Qd6 23. Re5 Rae8 24. Rae1 Bf7 25. Bxf7+ Kxf7 26. Ng5+ Kf6 27. f4 Ne6 28. Rxe6+ Rxe6 29. d5+ Re5 30. Rxe5 Re7 31. Re6# 1-0

[Event "CZE-ch U16"]
[Site "Luhacovice"]
[Date "2022.03.12"]
[Round "1"]
[White "Le, Anh Dung"]
[Black "Zrubek, Adam"]
[Result "1-0"]
[WhiteElo "1998"]
[BlackElo "1661"]
[PlyCount "116"]
[EventDate "2022.03.12"]
[EventType "swiss"]
[EventRounds "9"]
[EventCountry "CZE"]
[SourceTitle "EXT 2023"]
[Source "ChessBase"]
[SourceDate "2022.10.05"]
[SourceVersion "1"]
[SourceVersionDate "2022.10.05"]
[SourceQuality "1"]

1. e4 c5 2. Nf3 d6 3. d4 cxd4 4. Nxd4 Nf6 5. Nc3 g6 6. Be3 Bg7 7. f3 0-0 8. Qd2 Nc6 9. 0-0-0 d5 10. Kb1 Nxd4 11. e5 Nd7 12. Qxd4 Bxe5 13. Qxd5 Bxc3 14. bxc3 Qc7 15. h4 Nb6 16. Qc5 Qxc5 17. Bxc5 Na4 18. Bd4 Rd8 19. Bc4 Rd6 20. h5 Be6 21. hxg6 fxg6 22. Bb3 Nb6 23. Rde1 Bxb3 24. cxb3 e6 25. Re4 Rad8 26. Rhe1 Kf7 27. Kc2 Nd7 28. R1e2 Rc8 29. Kb2 Nc5 30. R4e3 a6 31. g4 Nd7 32. f4 Re8 33. a4 Nf6 34. Rh3 h5 35. Bxf6 Kxf6 36. gxh5 gxh5 37. Rxh5 Rg8 38. Rf2 Rg3 39. f5 exf5 40. Rhxf5+ Ke6 41. Rf7 b6 42. R7f6+ Kd7 43. Rxd6+ Kxd6 44. a5 Rg6 45. axb6 Kc6 46. Ka3 Kxb6 47. Rf5 Rh6 48. c4 Rh1 49. Rf6+ Kc5 50. Rf5+ Kb6 51. Kb4 Rh3 52. Rf6+ Kb7 53. c5 a5+ 54. Ka4 Rc3 55. Rb6+ Kc7 56. Rb5 Kc6 57. Rxa5 Rc1 58. Kb4 Rc2 1-0

[Event "Ricany op"]
[Site "Ricany"]
[Date "2020.08.29"]
[Round "9"]
[White "Zizka, Petr"]
[Black "Le, Anh Dung"]
[Result "1-0"]
[WhiteElo "2046"]
[BlackElo "1616"]
[PlyCount "39"]
[EventDate "2020.08.22"]
[EventType "swiss"]
[EventRounds "9"]
[EventCountry "CZE"]
[SourceTitle "CBM 198 Extra"]
[Source "ChessBase"]
[SourceDate "2020.11.30"]
[SourceVersion "1"]
[SourceVersionDate "2020.11.30"]
[SourceQuality "1"]

1. b3 e5 2. Bb2 Nc6 3. e3 d5 4. Bb5 Bd6 5. f4 f6 6. Qh5+ g6 7. Bxc6+ bxc6 8. Qh4 Bf5 9. Nf3 e4 10. Nd4 Qd7 11. Nc3 c5 12. Nxf5 Qxf5 13. g4 Qe6 14. f5 gxf5 15. gxf5 Qf7 16. Nxe4 Be5 17. Bxe5 fxe5 18. Nxc5 Nf6 19. Qa4+ Kf8 20. Nd7+ 1-0

[Event "Ricany op"]
[Site "Ricany"]
[Date "2020.08.25"]
[Round "5"]
[White "Rehak, Martin"]
[Black "Le, Anh Dung"]
[Result "1/2-1/2"]
[WhiteElo "2023"]
[BlackElo "1616"]
[PlyCount "27"]
[EventDate "2020.08.22"]
[EventType "swiss"]
[EventRounds "9"]
[EventCountry "CZE"]
[SourceTitle "CBM 198 Extra"]
[Source "ChessBase"]
[SourceDate "2020.11.30"]
[SourceVersion "1"]
[SourceVersionDate "2020.11.30"]
[SourceQuality "1"]

1. g3 d5 2. Nf3 c5 3. c4 d4 4. b4 cxb4 5. a3 bxa3 6. d3 e5 7. Bxa3 Bxa3 8. Nxa3 Nf6 9. Qa4+ Bd7 10. Qb4 Nc6 11. Qd6 Qa5+ 12. Nd2 Qc3 13. Rb1 a6 14. Bg2 1/2-1/2

[Event "Ricany op"]
[Site "Ricany"]
[Date "2020.08.24"]
[Round "4"]
[White "Le, Anh Dung"]
[Black "Petr, Jakub"]
[Result "0-1"]
[WhiteElo "1616"]
[BlackElo "2236"]
[PlyCount "54"]
[EventDate "2020.08.22"]
[EventType "swiss"]
[EventRounds "9"]
[EventCountry "CZE"]
[SourceTitle "CBM 198 Extra"]
[Source "ChessBase"]
[SourceDate "2020.11.30"]
[SourceVersion "1"]
[SourceVersionDate "2020.11.30"]
[SourceQuality "1"]

1. e4 c6 2. b3 d5 3. Bb2 dxe4 4. Nc3 Nf6 5. Qe2 Bf5 6. 0-0-0 Nbd7 7. h3 Qa5 8. g4 Bg6 9. Kb1 0-0-0 10. Bg2 h5 11. f4 exf3 12. Nxf3 hxg4 13. hxg4 Rxh1 14. Rxh1 Nxg4 15. Rh4 Ngf6 16. Ra4 Qb6 17. d4 e6 18. Rc4 Kb8 19. Na4 Qc7 20. Nc5 Nb6 21. Nxb7 Nxc4 22. Nxd8 Na5 23. Ne5 Qxd8 24. Bxc6 Qb6 25. Qh2 Bd6 26. Nd7+ Kc7 27. Ne5 Nxc6 0-1